000 01260nam a2200397 i 4500
001 13585
003 KOSZ 005
005 20211105080604.0
008 070608s1971 pl a f f 000 0 pol
015 _aPB 1971/3415
040 _aWA N
_cWA N
_dKOSZ 005/RW
_dKOSZ 005/HR
046 _k1971
080 _a620.1
080 _a546.3
100 1 _aMrowec, Stanisław
_d(1928-2015)
_eAutor
245 1 0 _aZarys teorii utleniania metali /
_cStanisław Mrowec.
260 _aKatowice :
_b"Śląsk",
_c1971.
300 _a434, [1] strony :
_bilustracje ;
_c25 cm.
336 _aTekst
_btxt
_2rdacontent
337 _aBez urządzenia pośredniczącego
_bn
_2rdamedia
338 _aWolumin
_bnc
_2rdacarrier
380 _aKsiążki
380 _aPublikacje dydaktyczne
388 _a1901-2000
388 _a1945-1989
504 _aBibliografia na stronach 422-434.
658 _aInżynieria i technika
650 4 _aKorozja i erozja
650 4 _aChemia
655 4 _aPodręcznik
650 4 _aMetale
650 4 _aUtlenianie
710 2 _aWydawnictwo "Śląsk"
_4pbl.
856 _uhttp://koha.tu.koszalin.pl/cgi-bin/koha/opac-detail.pl?biblionumber=13585
_yKatalog online BPK
942 _2UKD
_cKS
999 _c13585
_d13585